03488nam a2200337 i 4500001001000000003000900010005001700019007000300036008004100039040003000080041001300110082002400123245009100147246004500238264007300283300005400356336002700410337003200437338002800469505158700497590002602084650007502110910004902185942001402234952012302248952014902371952015402520952025302674952020602927999001703133000029562DO-SdBNP20260212081300.0ta110418s1994 dr 000 0 spa d aDO-SdBNPbspacBNPHUerda17aspaheng 4a972.9304bI38na22203aLa Independencia Nacional : su proceso ... = National Independence : its process ... / aNational Independence : its process ...  1aSanto Domingo :bBanco Central de la República Dominicana,c1994. a79 páginas :bilustraciones, retratos ;c31 cm. atextobtxt2rdacontent asinmediaciónbn2rdamedia avolumenbnc2rdacarrier aLa intelección de la idea de la independencia nacional 9 -- La independencia efímera 1821 10 -- La ocupación haitiana 1822-1844 12 -- Juan Pablo Duarte y Diez, fundador de la República 14 -- Los trinitarios 16 -- La fundación de la Trinitaria. 1938. El juramento trinitario 18 -- Francisco Sánchez del Rosario, padre de la patria 22 -- Matías Ramón Mella del Rosario, padre de la patria 24 -- La dramática 26 -- La filantrópico 28 -- La manifestación del 16 de enero. 1944 30 -- La primera bandera dominicana 32 -- El trabucazo 34 -- La proclamación de la independencia. 27 de febrero de 1844 36 -- Cronología de gobierno y gobernantes de la República Dominicana, 1844-1874 39 -- La guerra dominico-haitiana. 1844-1856. Batallas Ganadas y Héroes destacados 42 -- El regreso de Duarte 15 de marzo de 1844 44 -- La batalla de Azua. 19 de marzo de 1844 46 -- La batalla de Santiago. 30 de marzo de 1844 48 -- La batalla de Tortuguero. Abril de 1844 50 -- El primer congreso constituyente 52 -- La constitución de San Cristóbal. 6 de noviembre de 1844 54 -- La idea de protectorado 56 -- La anexión a España. 18 de marzo de 1861 58 -- El gobierno de anexión. 1861-1863 60 -- El martirio de Sánchez. 4 de julio de 1861 62 -- Causas de la restauración. 1863 64 -- La restauración como guerra social. 1863-1865 68 -- El gobierno restaurador. 1863 66 -- El gobierno restaurador. 1863 70 -- Los héroes de la restauración 72 -- Buenaventura Báez 74 -- La comisión norteamericana. 1871 -- El proyecto de anexión a Estados Unidos. 1871 78 aInventariado, 2022/BT 4aRepública DominicanaxHistoriayIndependencia efímera, 1821988898 aBtavárez/ Validado. Control de calidad/MAA 2ddccLBS1 00102ddc51708PDaBNPHUbBNPHUcHDd2011-04-18l0o BNPHU PD 972.9304 I38nap29562-10r2020-06-25w2020-06-25yLBS1 00102ddc51708PDaBNPHUbBNPHUcHDd2019-06-18eDonado por Anónimol0oBNPHU PD 972.9304 I38nap29562-20r2020-06-25te.2w2020-06-25yLBS1 00102ddc56708DSaBNPHUbBNPHUcHDd2023-01-13eDonado por Bienvenido BritooBNPHU DS 972.9304 I38nap2023-0137r2023-01-13te.3w2023-01-13yLBS1 00102ddc56708DSaBNPHUbBNPHUcHDd2024-11-07eDonado por la Presidencia de la República Dominicana 2023.l0oBNPHU DS 972.9304 I38nap2024-6338r2024-11-07te.4w2024-11-07yLBS1zPertenecio a la biblioteca personal de Emilio Cordero Michel. 00102ddc56708DSaBNPHUbBNPHUcHDd2025-08-01eDonaciónl0oBNPHU DS 972.9304 I38nap2025-7671r2025-08-01te.5w2025-08-01yLBS1zPerteneció a la biblioteca personal de la familia Reyes Duluc. c29054d29054